Understanding Medical Surgical Nursing (Record no. 1558)

MARC details
000 -LEADER
Fixed length control field 00587nam a2200205Ia 4500
003 - CONTROL NUMBER IDENTIFIER
Control field IIN
005 - DATE AND TIME OF LATEST TRANSACTION
Control field 20240129145713.0
008 - FIXED-LENGTH DATA ELEMENTS--GENERAL INFORMATION
Fixed length control field 231217s9999 xx 000 0 und d
020 ## - INTERNATIONAL STANDARD BOOK NUMBER / ISBN
Price Rs.2995.00
International Standard Book Number 9780803610378
040 ## - CATALOGING SOURCE
Original cataloging agency IIN
Language of cataloging English
082 ## - DEWEY DECIMAL CLASSIFICATION NUMBER
Classification number 610.73677
Book Number WIL
100 1# - MAIN ENTRY--PERSONAL NAME
Personal name Williams, Linda S.
245 1# - TITLE STATEMENT
Title Understanding Medical Surgical Nursing
Statement of responsibility Linda S. Williams & Paula D. Hopper
250 ## - EDITION STATEMENT
Edition statement 2nd ed
260 ## - IMPRINT
Name of publisher F. A. Davis Company
Place of publication Philadelphia
Date of publication 2003
300 ## - PHYSICAL DESCRIPTION
Page / Vol. No xxviii,1161p.
650 1# - SUBJECT ADDED ENTRY--TOPICAL TERM
Topical term Medical Surgical
Form subdivision Nursing
700 1# - ADDED ENTRY--PERSONAL NAME
Personal name Hopper, Paula D.
942 ## - ADDED ENTRY ELEMENTS (KOHA)
Koha item type Books
Holdings
Withdrawn status Lost status Damaged status Not for loan Collection code Home library Current library Date acquired Price Total Checkouts Call number Accession number Date last seen Price effective from Koha item type Date checked out
          IDEAL INSTITUTE OF NURSING IDEAL INSTITUTE OF NURSING 17/12/2023 2995.00   610.73677 WIL 1552 17/12/2023 17/12/2023 Books  
          IDEAL INSTITUTE OF NURSING IDEAL INSTITUTE OF NURSING 17/12/2023 2995.00   610.73677 WIL 1553 17/12/2023 17/12/2023 Books  
          IDEAL INSTITUTE OF NURSING IDEAL INSTITUTE OF NURSING 17/12/2023 2995.00 1 610.73677 WIL 1554 13/01/2025 17/12/2023 Books 08/01/2025
© Ideal Institute Of Nursing, All rights reserved.         Powered by Koha